| 000 | 00844cam a22002777a 4500 | ||
|---|---|---|---|
| 003 | CHAP | ||
| 005 | 20220329133947.0 | ||
| 008 | 971013s1974 r 00010 d | ||
| 010 | _a13257 | ||
| 011 | _a14229 | ||
| 035 | _a18302 | ||
| 040 | _cCHAP | ||
| 082 |
_a615.32 _bC38Y |
||
| 100 | 0 | 0 |
_aCastaneda, Carlos. _919887 |
| 245 | 1 | 4 |
_aUna realidad aparte _b: nuevas conversaciones con Don Juan |
| 260 |
_aMéxico : _bFondo de Cultura Económica, _c1974 |
||
| 300 | _a302 p. | ||
| 590 |
_aBATCH-UPD _b10 _c20130110 _lUCH01 _h1559 |
||
| 590 |
_aBATCH-UPD _b10 _c20130410 _lUCH01 _h0956 |
||
| 590 |
_aBATCH-UPD _b10 _c20130914 _lUCH01 _h1222 |
||
| 590 |
_aCONVERSION _b10 _c20130109 _lUCH01 _h1309 |
||
| 650 | 1 | 4 |
_aDrogas alucinógenas. _934247 |
| 901 | _aBK | ||
| 942 | _cLIBRO | ||
| 949 |
_a615.32 C38Y _bBC _cLIBRO _d-42723 _eLIBRO _h42203 _i18302 _mD _si |
||
| 999 |
_c13257 _d13257 |
||